Hotel and Hospitality Management (Record no. 350376)
[ view plain ]
| 000 -LEADER | |
|---|---|
| fixed length control field | 00480nam a22001817a 4500 |
| 003 - CONTROL NUMBER IDENTIFIER | |
| control field | OSt |
| 005 - DATE AND TIME OF LATEST TRANSACTION | |
| control field | 20180116183016.0 |
| 008 - FIXED-LENGTH DATA ELEMENTS--GENERAL INFORMATION | |
| fixed length control field | 150918b xxu||||| |||| 00| 0 eng d |
| 020 ## - INTERNATIONAL STANDARD BOOK NUMBER | |
| International Standard Book Number | 9788182053380 |
| 040 ## - CATALOGING SOURCE | |
| Transcribing agency | 0 |
| 082 ## - DEWEY DECIMAL CLASSIFICATION NUMBER | |
| Classification number | 647.068 TAL 2006 |
| 100 ## - MAIN ENTRY--PERSONAL NAME | |
| Personal name | Prakash Talwar |
| 245 ## - TITLE STATEMENT | |
| Title | Hotel and Hospitality Management |
| Remainder of title | House keeping |
| Statement of responsibility, etc. | Prakash Talwar |
| 300 ## - PHYSICAL DESCRIPTION | |
| Extent | 249 P. |
| Other physical details | HB |
| 440 ## - SERIES STATEMENT/ADDED ENTRY--TITLE | |
| Title | Hotel and Hospitality Management |
| 600 ## - SUBJECT ADDED ENTRY--PERSONAL NAME | |
| Personal name | Prakash Talwar |
| 942 ## - ADDED ENTRY ELEMENTS (KOHA) | |
| Source of classification or shelving scheme | |
| Koha item type | Book |
| Withdrawn status | Lost status | Source of classification or shelving scheme | Damaged status | Not for loan | Collection code | Permanent Location | Current Location | Shelving location | Date acquired | Total Checkouts | Full call number | Barcode | Date last seen | Price effective from | Koha item type |
|---|---|---|---|---|---|---|---|---|---|---|---|---|---|---|---|
| Central Library (CL) | Central Library (CL) | General Stacks | 09/18/2015 | 647.068 TAL 2006 | NBS9475 | 09/18/2015 | 09/18/2015 | Book |
